000 nam a22 7a 4500
999 _c53050
_d53050
003 OSt
005 20220714113541.0
008 220714b xxu||||| |||| 00| 0 eng d
040 _cIIMT UNIVERSITY MEERUT
100 _aKAPOOR & KUSHWAHA
245 _aMECHANICS OF SOLIDS-22nd
260 _bBHARAT BHARTI
300 _a409
942 _2ddc
_c09